000 01538nam a2200397 i 4500
001 192873
003 ES-MaACL
005 20250728030934.0
007 ta
008 230627t2013 sp ||||| |||| 00| 0 spa d
020 _a9788461667277
040 _bspa
_cES-MaACL
080 _a77 Suárez Robaina
100 0 _966559
_aJiménez Martel, Germán
_eaut
245 _aTelde, ayer :
_blos hermanos Suárez Robaina, fotógrafos /
_c[texto, Germán Jiménez Martel ; imágenes, Miguel Ángel Suárez Brito].
250 _aSeptiembre-2013
264 1 _a[Tenerife :
_bG. Jiménez Martel],
_c2013
300 _a85 páginas :
_bilustraciones (blanco y negro) ;
_c31 cm
336 _2rdacontent
_aTexto
337 _2rdamedia
_asin mediación
338 _2rdacarrier
_avolumen
500 _aÍndice
504 _aBibliografía: páginas 84-85
600 1 _9235830
_aSuárez Robaina, Miguel,
_d1908-1983
600 1 _9235831
_aSuárez Robaina, Juan,
_d1908-1985
600 1 _9235832
_aSuárez Robaina, Santiago,
_d1902-1971
650 4 _aFotógrafos-
_zCanarias
_9227189
650 7 _aFotografía
_2embne
_912943
651 4 _aTelde (Gran Canaria)-
_xHistoria
_9227190
700 _aSuárez Brito, Miguel Ángel
_9227191
_eaut
852 _aES-MaACL
_bR. 152757
_cDEPOJ
_gDedicatoria autógrafa de Germán Jiménez Martel
_hDonación: Germán Jiménez Martel
_jN-8474
_9200162
903 _966559
_aJiménez Martel, Germán
_ednr
942 _n0
_cMONOGRAFIA
999 _c192873
_d192873